Investment in property

Bibliographic Details
Other Authors: Davidson, A. W., Leonard, J. E.
Format: Book
Published: Reading : College of Estate Management , 1974
Subjects:

MARC

LEADER 00000cam a2200000 7i4500
001 0000009469
005 20161123.0
040 |a INS 
090 0 0 |a HG5432   |b I57 1974 
245 1 0 |a Investment in property   |c edited by A. W. Davidson and J. E. Leonard 
260 |a Reading :   |b College of Estate Management ,   |c 1974 
300 |a 98p ;   |c 21cm. 
500 |a Includes index & bibliography 
650 0 0 |a Investment   |z Great Britain   |x Congresses 
650 0 0 |a pension trusts   |z Great Britain   |x Congresses 
650 0 0 |a Real estate investment   |z Great Britain   |x Congresses 
700 1 |a Davidson, A. W. 
700 1 |a Leonard, J. E. 
999 |a 0000022966   |b BOOK   |c Open Shelf   |e Default branch